000 00484nam a2200157 a 4500
001 000034153
005 20200930070823.0
008 110926s2007 cl a 000 0 spa d
020 _a9974800838
040 _aDO-SdBNP
_bspa
_cBNPHU
245 0 3 _aLa salud y la cocina :
_bnutrición y prevención /
_cMarta Lucía Chiglioni.
260 _aBogotá :
_bArquetipo Grupo Editorial,
_c2007.
300 _a360 p. :
_bil. ;
_c30 cm.
700 1 _aChiglioni, Marta Lucía
_959571
049 _aBNPD
999 _c33644
_d33644